| 000 | 00624nam a2200241 i 4500 | ||
|---|---|---|---|
| 001 | C2-0224135 | ||
| 003 | PPAK | ||
| 005 | 20180728152753.0 | ||
| 008 | 000323s1956 nyu |||| ||||| | eng d | ||
| 040 |
_aPPAK _beng _cPPAK _erda |
||
| 082 | 0 | 4 |
_a800 _223 |
| 090 | 0 | 0 |
_a800 _bWEL _dKIH |
| 100 | 1 |
_aWellek, Rene, _eauthor |
|
| 245 | 1 | 0 | _aTheory of literature |
| 264 | 1 |
_aNew York : _bHarvest Book , _c1956 |
|
| 300 |
_axii, 368 pages ; _c18 cm |
||
| 336 |
_2rdacontent _atext |
||
| 337 |
_2rdamedia _aunmediated |
||
| 338 |
_2rdacarrier _avolume |
||
| 650 | 1 | 0 | _aLiterature - Theory |
| 700 | _eauthor | ||
| 942 |
_ddc _cB |
||
| 999 |
_c145129 _d145129 |
||